|
|
|
|
| LEADER |
00746cam a2200193 7i4500 |
| 001 |
0000128144 |
| 005 |
20161012090000.0 |
| 008 |
160816s2010 -us eng |
| 020 |
# |
0 |
|a 9781421412016
|
| 020 |
# |
0 |
|a 1421412012
|
| 090 |
0 |
0 |
|a QL 625
|b .F7 2014
|
| 245 |
0 |
0 |
|a Freshwater fishes of North America
|c edited by Melvin L. Warren, Jr., and Brooks M. Burr ; illustrated by Joseph R. Tomelleri.
|
| 260 |
# |
# |
|a Baltimore:
|b John Hopkins University Press,
|c 2014.
|
| 300 |
# |
# |
|a vol.1:
|b illustrations (some color);
|c 29 cm..
|
| 504 |
0 |
0 |
|a Includes bibliographical references and index
|
| 650 |
0 |
0 |
|a Freshwater fishes --
|z North America
|
| 700 |
1 |
1 |
|a Burr, Brooks M.
|
| 700 |
1 |
1 |
|a Warren, Melvin L.
|
| 999 |
|
|
|a 1100097889
|b Book
|c Open Shelf
|e KOLEKSI TERBUKA
|